| 000 | 00431nam a2200133Ia 4500 | ||
|---|---|---|---|
| 008 | 170516s9999 xx 000 0 und d | ||
| 245 | _aConventional videodefecography: Pathologic findings according to gender and age | ||
| 260 | _bEuropean Journal of Radiology Open | ||
| 260 | _c2014 | ||
| 300 | _a1: | ||
| 650 | _xRadiologic Technology | ||
| 650 | _xRadtech | ||
| 856 | _uhttp://www.sciencedirect.com/science/journal/23520477/1 | ||
| 999 |
_c332289 _d332289 |
||